| 000 | 00521cam a22002171 4500 | ||
|---|---|---|---|
| 001 | sa 63001827 | ||
| 003 | DLC | ||
| 005 | 20260227111930.0 | ||
| 008 | 890809s1967 ii 000 0 hino | ||
| 010 | _asa 63001827 | ||
| 035 | _a(OCoLC)20151149 | ||
| 040 |
_aDLC _cWaU _dDLC |
||
| 042 | _apremarc | ||
| 050 | 0 | 0 |
_aPK3797 _b.D3 |
| 100 | 1 |
_aDasgupta, Shashi Bhushan, _d1912-1964. |
|
| 245 | 1 | 0 | _aUpamā Kālidāsasya. |
| 260 | _c[1962] | ||
| 300 |
_a108 p. _c22 cm. |
||
| 500 | _aIn Hindi. | ||
| 600 | 0 | 0 | _aKālidāsa. |
| 999 |
_c54175 _d54175 |
||